000 00825nam a22002177a 4500
999 _c336
_d336
003 AR-CdUCM
008 190223b ||||| |||| 00| 0 spa d
040 _aMUNICIPALIDAD PROVINCIAL DEL CUSCO
_cBIBLIOTECA MUNICIPAL DEL CUSCO
082 _a869.56 /
_bD48
100 _aDelgado, Washington
_91113
245 _aHistoria de la literatura republicana /
_cDelgado, Washington
260 _aLima :
_bRikchay Perú,
_c1980.
300 _a173 paginas ;
_c25cm.
505 _aLas bases de la literatura peruana -- Literatura de la emancipación -- Romanticismo y costumbrismo -- La fundación de la literatura republicana -- El realismo....
650 _aLa literatura
_91370
650 _aLa independencia
_91371
650 _aEscritos
_9215
650 _aFundamentación
_91372
942 _2ddc
_cLIBROS
945 _apjha
_d2019-02-23